Los pueblos de la provincia de Valladolid / (Record no. 161079)

MARC details
000 -LEADER
campo de control de longitud fija 00886nam a22002175i 4500
001 - NÚMERO DE CONTROL
campo de control 161079
003 - IDENTIFICADOR DE NÚMERO DE CONTROL
campo de control ES-MaACL
005 - FECHA Y HORA DE LA ÚLTIMA TRANSACCIÓN
campo de control 20250917063056.0
008 - DATOS DE LONGITUD FIJA--INFORMACIÓN GENERAL
campo de control de longitud fija 970905s1895 sp a |||| | spa d
040 ## - FUENTE DE CATALOGACIÓN
Centro catalogador/agencia de origen AR
Lengua de catalogación spa
Centro/agencia transcriptor AR
100 1# - ENTRADA PRINCIPAL--NOMBRE DE PERSONA
Nombre de persona Ortega Rubio, Juan,
Fechas asociadas al nombre 1845-1921
9 (RLIN) 87490
245 13 - MENCIÓN DEL TÍTULO
Título Los pueblos de la provincia de Valladolid /
Mención de responsabilidad, etc. por Juan Ortega Rubio.
260 ## - PUBLICACIÓN, DISTRIBUCIÓN, ETC.
Lugar de publicación, distribución, etc. Valladolid :
Nombre del editor, distribuidor, etc. Diputación Provincial de Valladolid,
Fecha de publicación, distribución, etc. 1895 (
Fabricante Imp. y enc. del Hospicio Provincial)
300 ## - DESCRIPCIÓN FÍSICA
Extensión 2 v. (IX, 395 ; IX, 356 p.), [1] h. de map., [45] h. de lám. :
Otras características físicas il. ;
Dimensiones 22 cm.
505 8# - NOTA DE CONTENIDO CON FORMATO
Nota de contenido con formato Apéndices
530 ## - NOTA DISPONIBLE DE FORMULARIO FÍSICO ADICIONAL
Nota de formato físico adicional disponible Disponible en formato digital.
651 #4 - PUNTO DE ACCESO ADICIONAL DE MATERIA--NOMBRE GEOGRÁFICO
Nombre geográfico Valladolid (Provincia)-
Subdivisión general Historia.
9 (RLIN) 153449
852 ## - LOCALIZACIÓN
Ubicación ES-MaACL
Número de control de estantería G-3814-15
Nota libre -- Enc. cart.
856 ## - LOCALIZACIÓN Y ACCESO ELECTRÓNICOS
Identificador Uniforme de Recursos <a href="http://bdh-rd.bne.es/viewer.vm?id=0000137655&page=1 ">http://bdh-rd.bne.es/viewer.vm?id=0000137655&page=1 </a>
Nota pública Biblioteca Digital Hispánica
Holdings
Estatus retirado Estado de pérdida Estado de daño No para préstamo Colección Biblioteca de origen Biblioteca actual Ubicación en estantería Fecha de adquisición Total de préstamos Signatura topográfica completa Código de barras Visto por última vez Precio de reemplazo Tipo de ítem Koha
        Colección digital Biblioteca del Ateneo de Madrid Biblioteca del Ateneo de Madrid Depósito 2 17/01/2008   G-3814-15 1168717 23/02/2023 23/02/2023 Libro impreso antiguo